ARRUPE JESUIT UNIVERSITY

CORONAVIRUS -STOP THE SPREAD - CLEAN,DISINFECT,COVER

Clayhanger. (Record no. 119506)

MARC details
000 -LEADER
fixed length control field 00532mam a2200217 a 4500
001 - CONTROL NUMBER
control field 2617083
003 - CONTROL NUMBER IDENTIFIER
control field ARRUPE
005 - DATE AND TIME OF LATEST TRANSACTION
control field 20140106114909.0
008 - FIXED-LENGTH DATA ELEMENTS--GENERAL INFORMATION
fixed length control field 991103s2000 enk 000 1 eng d
015 ## - NATIONAL BIBLIOGRAPHY NUMBER
National bibliography number GB99-U5966
020 ## - INTERNATIONAL STANDARD BOOK NUMBER
International Standard Book Number 014118308X
035 ## - SYSTEM CONTROL NUMBER
System control number (OCoLC)ocm43030627
040 ## - CATALOGING SOURCE
Original cataloging agency UKM
Transcribing agency UKM
Modifying agency NNC
050 00 - LIBRARY OF CONGRESS CALL NUMBER
Classification number PZ3.B438
Item number C55
300 ## - PHYSICAL DESCRIPTION
Dimensions 18cm.
100 1# - MAIN ENTRY--PERSONAL NAME
Personal name Bennett, Arnold,
Dates associated with a name 1867-1931.
9 (RLIN) 6505
245 10 - TITLE STATEMENT
Title Clayhanger.
260 ## - PUBLICATION, DISTRIBUTION, ETC. (IMPRINT)
Place of publication, distribution, etc London :
Name of publisher, distributor, etc Penguin,
Date of publication, distribution, etc 1954.
300 ## - PHYSICAL DESCRIPTION
Extent 528 p. ;
942 ## - ADDED ENTRY ELEMENTS (KOHA)
Source of classification or shelving scheme Library of Congress Classification
Koha item type Monograph ( Printed materials)
Holdings
Withdrawn status Lost status Source of classification or shelving scheme Damaged status Not for loan Collection code Home library Current library Shelving location Date acquired Total Checkouts Full call number Barcode Date last seen Price effective from Koha item type
    Library of Congress Classification     Main Collection ARRUPE LIBRARY ARRUPE LIBRARY Main Collection 06/01/2014   PZ3.B438 C55 46410420 02/07/2019 06/01/2014 Monograph ( Printed materials)

 

Arrupe Library. PO Box MP320 Mt Pleasant, Harare, Zimbabwe
263 242 745411|librarian@aju.ac.zw